[Event "Indywidualne Mistrzostwa Polski Juniorow do lat 18 - Dziewczeta"]
[Site "Szklarska Poreba"]
[Date "1899-12-30"]
[Round "8.9"]
[White "Michalska, Aleksandra"]
[Black "Kindler, Karolina"]
[Result "0-1"]
[WhiteTitle "I++"]
[BlackTitle "I++"]
[WhiteElo "1741"]
[BlackElo "1604"]

1. e4 c5 2. c4 Nc6 3. Nc3 d6 4. g3 e5 5. Bg2 Be7 6. Nge2 f5 7. d3 Nf6 8. O-O O-O
9. a3 fxe4 10. dxe4 Nd4 11. Rb1 Be6 12. Nxd4 cxd4 13. Nd5 Rc8 14. b3 Nxd5 15.
cxd5 Bd7 16. f4 Bb5 17. Rf3 Qc7 18. a4 Bd7 19. Rf2 Qb6 20. Bb2 Rc7 21. Bf1 Rfc8
22. Bd3 Qb4 23. fxe5 dxe5 24. Ra1 Qb6 25. Bc4 Bg5 26. a5 Qg6 27. Qf3 Be3 28. Raf1
Bg4 29. Qg2 Rf7 30. Ba3 Qh5 31. h4 Be2 32. Qh3 Re8 33. Kg2 Bxf1+ 34. Rxf1 Rxf1
35. Bxf1 Qf7 36. Qh1 Qf2+ 37. Kh3 Qa2 38. Bd6 Qxb3 39. Qf3 Qa4 40. Qg4 Qxa5 41.
Bc4 Qa4 42. Qe2 Qd7+ 0-1

[Event "Indywidualne Mistrzostwa Polski Juniorow do lat 18 - Dziewczeta"]
[Site "Szklarska Poreba"]
[Date "1899-12-30"]
[Round "8.10"]
[White "Bilczewska, Olga"]
[Black "Gredka, Dominika"]
[Result "1-0"]
[WhiteTitle "I+"]
[BlackTitle "I++"]
[WhiteElo "1670"]
[BlackElo "1732"]

1. e4 c5 2. Nf3 d6 3. Nc3 Nf6 4. e5 dxe5 5. Nxe5 e6 6. g3 Bd6 7. Nc4 Be7 8. Bg2
O-O 9. O-O a6 10. d3 Nd5 11. Ne3 Nxc3 12. bxc3 Bf6 13. Bd2 Qc7 14. Rb1 Nd7 15.
Re1 Rb8 16. Ng4 Be7 17. Bf4 Bd6 18. Bxd6 Qxd6 19. c4 b6 20. Ne3 Ne5 21. Qd2 Rd8
22. Qe2 Nc6 23. Rb2 Qc7 24. Reb1 Bd7 25. c3 Be8 26. Rd1 Qe5 27. Qc2 Qc7 28. Qe2
Rd6 29. Rbd2 Rbd8 30. f4 Na5 31. f5 Ba4 32. Rf1 exf5 33. Nxf5 Re6 34. Qg4 Rg6
35. Qf4 Qd7 36. Bd5 Bc6 37. Bxf7+ 1-0

[Event "Indywidualne Mistrzostwa Polski Juniorow do lat 18 - Dziewczeta"]
[Site "Szklarska Poreba"]
[Date "1899-12-30"]
[Round "8.11"]
[White "Krzywnicka, Maria"]
[Black "Koruch, Maria"]
[Result "1/2-1/2"]
[WhiteTitle "I++"]
[BlackTitle "I+"]
[WhiteElo "1703"]
[BlackElo "1685"]

1. e4 c5 2. d3 Nc6 3. g3 g6 4. Bg2 Bg7 5. Nc3 d6 6. Be3 Nf6 7. h3 O-O 8. Qd2 Nd4
9. Nd1 e5 10. c3 Ne6 11. Bh6 d5 12. Bxg7 Kxg7 13. exd5 Nxd5 14. Ne3 Nxe3 15. Qxe3
f6 16. Ne2 Qd6 17. O-O Rd8 18. Rad1 Rb8 19. f4 exf4 20. Nxf4 Nxf4 21. Rxf4 Rf8
22. d4 b5 23. Re1 cxd4 24. Rxd4 Qb6 25. Bd5 Bf5 26. Qe7+ Kh8 27. g4 Bc2 28. Re6
Rbe8 29. Rxb6 Rxe7 30. Rxb5 f5 31. Rd2 Be4 32. Bxe4 fxe4 33. Rf2 Rd8 34. c4 Rd3
35. Kg2 e3 36. Re2 Rc7 37. c5 a6 38. Rb8+ Kg7 39. b4 a5 40. Kf3 axb4 41. Rxb4
Rxc5 42. Rb7+ Kg8 43. Rb3 Rd2 44. a3 h5 45. Rexe3 hxg4+ 46. hxg4 Kf7 47. Rb7+
Kf6 48. Ra7 Rd4 49. Rae7 Ra4 50. R7e4 Rca5 51. Rxa4 Rxa4 52. Rb3 Kg5 53. Rb5+
Kf6 54. Rb6+ Kg5 55. Rb5+ Kf6 1/2-1/2

[Event "Indywidualne Mistrzostwa Polski Juniorow do lat 18 - Dziewczeta"]
[Site "Szklarska Poreba"]
[Date "1899-12-30"]
[Round "8.12"]
[White "Guzik, Natalia"]
[Black "Choinska, Debora"]
[Result "1-0"]
[WhiteTitle "I++"]
[BlackTitle "I++"]
[WhiteElo "1662"]
[BlackElo "1717"]

1. e4 d6 2. d4 Nf6 3. Nc3 Nbd7 4. Nf3 e5 5. Rg1 h6 6. h4 Be7 7. Be2 c6 8. g4 Qa5
9. Bd2 exd4 10. Nxd4 Qb4 11. Ncb5 Qc5 12. Nc7+ Kd8 13. Nce6+ fxe6 14. Nxe6+ Ke8
15. Nxc5 dxc5 16. f3 Rf8 17. Bc3 Nxe4 18. g5 Nxc3 19. bxc3 Ne5 20. Qd2 hxg5 21.
hxg5 Rxf3 22. O-O-O Rf5 23. Rdf1 g6 24. Qe3 Nf7 25. Bc4 Kf8 26. Bxf7 Kxf7 27.
Re1 Bf8 28. Qe8+ Kg7 29. Rh1 c4 30. Rh6 Ba3+ 31. Kd2 Rd5+ 32. Ke3 Bc5+ 33. Kf4
Bd6+ 34. Re5 Bxe5+ 35. Ke3 Rd6 36. Qxe5+ 1-0

[Event "Indywidualne Mistrzostwa Polski Juniorow do lat 18 - Dziewczeta"]
[Site "Szklarska Poreba"]
[Date "1899-12-30"]
[Round "8.13"]
[White "Moscicka, Pola"]
[Black "Pyzio, Amelia"]
[Result "1-0"]
[WhiteTitle "k++"]
[BlackTitle "I++"]
[WhiteElo "1994"]
[BlackElo "1760"]

1. Nf3 d5 2. c4 e6 3. b3 Nf6 4. Bb2 c5 5. cxd5 exd5 6. e3 Be7 7. d4 b6 8. Nc3 O-O
9. Be2 Be6 10. O-O Nc6 11. Rc1 Bd6 12. Nb5 Ne4 13. Nxd6 Qxd6 14. Ne5 Rac8 15.
f3 Nf6 16. dxc5 bxc5 17. Nxc6 Rxc6 18. Bxf6 gxf6 19. Bb5 Rb6 20. Bd3 f5 21. Qc2
c4 22. bxc4 dxc4 23. Bxf5 Bxf5 24. Qxf5 Qd2 25. Qe4 Rd8 26. Rc2 Qd7 27. Rxc4 Rb2
28. Qe5 Rb6 29. Rd4 Rd6 30. Rfd1 Rxd4 31. Rxd4 Qxd4 32. exd4 1-0

[Event "Indywidualne Mistrzostwa Polski Juniorow do lat 18 - Dziewczeta"]
[Site "Szklarska Poreba"]
[Date "1899-12-30"]
[Round "8.14"]
[White "Karlyk, Maria"]
[Black "Sivickis, Wiktoria"]
[Result "0-1"]
[WhiteTitle "I"]
[BlackTitle "I++"]
[WhiteElo "1725"]
[BlackElo "1611"]

1. e4 c5 2. b3 Nf6 3. d3 Nc6 4. Bb2 d6 5. Nd2 e5 6. g3 g6 7. Bg2 Bg7 8. Ne2 O-O
9. O-O Nh5 10. f4 Nd4 11. Nxd4 cxd4 12. f5 Bh6 13. Bc1 Be3+ 14. Kh1 Qg5 15. Nf3
Qh6 16. Qe1 Bxc1 17. Rxc1 Nf6 18. fxg6 fxg6 19. Qd2 Qxd2 20. Nxd2 Be6 21. h3 Rac8
22. Nc4 Rc6 23. Rf2 b5 24. Nb2 Kg7 25. Rcf1 Nd7 26. Rxf8 Nxf8 27. Rf2 Nd7 28.
a4 a6 29. Kg1 Nc5 30. axb5 axb5 31. Kf1 Na6 32. Ke1 Nb4 33. Kd1 Nxc2 0-1

[Event "Indywidualne Mistrzostwa Polski Juniorow do lat 18 - Dziewczeta"]
[Site "Szklarska Poreba"]
[Date "1899-12-30"]
[Round "8.15"]
[White "Surpeta, Julia"]
[Black "Trembowiecka-wysota, Aleksandra"]
[Result "1/2-1/2"]
[WhiteTitle "I++"]
[BlackTitle "I"]
[WhiteElo "1583"]
[BlackElo "1669"]

1. e4 c5 2. d3 e6 3. Nf3 d5 4. Nbd2 Nc6 5. g3 g6 6. Bg2 Bg7 7. O-O Nf6 8. c3 O-O
9. Re1 b6 10. e5 Nd7 11. d4 c4 12. Nf1 b5 13. Ne3 Rb8 14. h4 a5 15. Ng4 f5 16.
exf6 Nxf6 17. Nh6+ Kh8 18. Ne5 Nxe5 19. dxe5 Nd7 20. Bg5 Qb6 21. Ng4 h5 22. Be3
Qd8 23. Nf6 Nxf6 24. exf6 Bxf6 25. Qd2 Rb7 26. Bc5 Rff7 27. Bh3 Kg7 28. Bxe6 Bxe6
29. Rxe6 Qc8 30. Qxd5 Rbd7 31. Bd6 Qd8 32. Rd1 b4 33. cxb4 axb4 34. Qxc4 Rc7 35.
Qxb4 Rc2 36. Rde1 Rxb2 37. Qa3 Rxf2 38. Re8 Qd7 39. Bf8+ Kh7 40. Qe3 Bg7 41. Bxg7
Kxg7 42. Qe5+ R2f6 43. Re7 Rxe7 44. Qxe7+ Rf7 45. Qxd7 Rxd7 46. Re6 Ra7 47. Re2
Ra3 48. Kf2 Kf6 49. Rc2 Kf5 50. Kg2 Kf6 51. Rb2 Kf5 52. Rb5+ 1/2-1/2

[Event "Indywidualne Mistrzostwa Polski Juniorow do lat 18 - Dziewczeta"]
[Site "Szklarska Poreba"]
[Date "1899-12-30"]
[Round "8.16"]
[White "Zamarska, Sylwia"]
[Black "Ossolinska, Matylda"]
[Result "1-0"]
[WhiteTitle "I++"]
[BlackTitle "I+"]
[WhiteElo "1657"]
[BlackElo "1665"]

1. d4 d5 2. Bf4 Nf6 3. e3 c5 4. Nc3 cxd4 5. exd4 a6 6. Nf3 Nc6 7. Ne5 e6 8. Na4
Bd6 9. Nxc6 bxc6 10. Bxd6 Qxd6 11. Nc5 O-O 12. Be2 Nd7 13. Nxd7 Bxd7 14. O-O c5
15. dxc5 Qxc5 16. Qd2 Bb5 17. Bxb5 Qxb5 18. b3 Rfc8 19. Rfc1 a5 20. Qd3 Rab8 21.
Qxb5 Rxb5 22. Rab1 Rc3 23. Kf1 g6 24. Ke2 Rbc5 25. Kd2 e5 26. Rb2 d4 27. Rcb1
Kg7 28. Re1 f6 29. Re2 g5 30. Kd1 Kg6 31. Rd2 h5 32. Rd3 h4 33. a3 Kf5 34. b4
axb4 35. axb4 Rb5 36. Rxc3 dxc3 37. Rb3 Kg6 38. Ke2 e4 39. Ke3 f5 40. Kd4 g4 41.
Kxc3 f4 42. Kd2 Kf5 43. c4 Rb8 44. b5 Ke5 45. Kc3 Rd8 46. b6 Rd3+ 47. Kc2 Rxb3
48. Kxb3 Kd6 49. Kc3 e3 50. Kd3 f3 51. gxf3 exf2 52. Ke2 g3 53. hxg3 1-0

[Event "Indywidualne Mistrzostwa Polski Juniorow do lat 18 - Dziewczeta"]
[Site "Szklarska Poreba"]
[Date "1899-12-30"]
[Round "8.17"]
[White "Borek, Dominika"]
[Black "Borsuk, Aleksandra"]
[Result "1/2-1/2"]
[WhiteTitle "I"]
[BlackTitle "I"]
[WhiteElo "1282"]
[BlackElo "1307"]

1. d4 Nf6 2. c4 g6 3. Nc3 Bg7 4. Bf4 O-O 5. Nf3 d6 6. e3 c5 7. d5 a6 8. Bd3 e5
9. Bg5 Qc7 10. e4 Ne8 11. Qd2 f5 12. Bh6 f4 13. Bxg7 Nxg7 14. h3 Qe7 15. Be2 Bd7
16. Qd3 b6 17. Qd1 a5 18. Nh2 Qg5 19. Kf1 Qf6 20. Nf3 h6 21. Nh2 h5 22. Nf3 Na6
23. a3 Nc7 24. a4 Rab8 25. b3 Ra8 26. Nd2 Rab8 27. Nf3 Ra8 28. Nd2 Rab8 29. Nf3
Ra8 30. Nd2 Rab8 31. Nf3 1/2-1/2

[Event "Indywidualne Mistrzostwa Polski Juniorow do lat 18 - Dziewczeta"]
[Site "Szklarska Poreba"]
[Date "1899-12-30"]
[Round "8.18"]
[White "Samujlo, Agnieszka"]
[Black "Dixa, Joanna"]
[Result "0-1"]
[WhiteTitle "I++"]
[BlackTitle "I"]
[WhiteElo "1419"]
[BlackElo "1337"]

1. e4 c5 2. Nf3 e6 3. d4 cxd4 4. Nxd4 a6 5. Bd3 Qc7 6. O-O Nf6 7. c4 d6 8. Be3
Be7 9. Nc3 Nbd7 10. f4 b6 11. Qf3 Bb7 12. Qg3 g6 13. Nb3 Bf8 14. h3 Bg7 15. Qf2
O-O 16. Rac1 Rab8 17. g4 Kh8 18. g5 Ne8 19. h4 f6 20. Nd4 Nc5 21. Qe2 Qe7 22.
Bc2 e5 23. Nb3 exf4 24. Bxf4 Ne6 25. Nd5 Nxf4 26. Rxf4 Bxd5 27. cxd5 fxg5 28.
Rxf8+ Bxf8 29. Rf1 Nc7 30. h5 Nxd5 31. hxg6 Nf4 32. Qh2 Nxg6 33. Nd4 Qe5 34. Qxe5+
dxe5 35. Ne6 Bc5+ 36. Kh2 Be3 37. Bd3 Bf4+ 38. Kh3 a5 39. Rg1 h6 40. Kg4 Rc8 41.
Rh1 Kh7 42. Kf5 Rc1 43. Rh3 Rg1 44. Bb5 Bd2 45. Rh2 Bb4 46. Kf6 Rg3 47. Rf2 g4
48. Be8 Be7+ 49. Kf5 Nh4+ 50. Kxe5 Rf3 51. Rxf3 gxf3 52. Bh5 f2 53. Be2 Nf3+ 54.
Kd5 Nd2 55. Kc6 Bc5 56. Nxc5 bxc5 57. Kxc5 h5 58. e5 Kg7 59. e6 Kf6 60. Kd6 Ne4+
61. Kd7 Nc5+ 62. Kc6 Nxe6 63. Kb6 h4 64. Bf1 Nf4 65. Kxa5 h3 0-1

[Event "Indywidualne Mistrzostwa Polski Juniorow do lat 18 - Dziewczeta"]
[Site "Szklarska Poreba"]
[Date "1899-12-30"]
[Round "8.19"]
[White "Bohdanowicz, Nikola"]
[Black "Trusz, Julia"]
[Result "0-1"]
[WhiteTitle "I"]
[BlackTitle "I+"]
[WhiteElo "1402"]
[BlackElo "1635"]

1. d4 Nf6 2. Nf3 c5 3. c4 cxd4 4. Nxd4 e6 5. Bf4 e5 6. Nb5 exf4 7. Qd4 Bb4+ 8.
N1c3 O-O 9. Qxf4 Na6 10. g4 Ne8 11. h4 Nac7 12. Nd4 Ne6 13. Nxe6 fxe6 14. Qg3
Qf6 15. Rh3 d5 16. a3 Bxc3+ 17. bxc3 Bd7 18. g5 Qf4 19. Qd3 Qxf2+ 20. Kd2 Qf4+
21. Kc2 Qxc4 22. Qg3 Ba4+ 23. Kd2 Qb3 24. Qe1 Qc2+ 25. Ke3 Nd6 26. Rf3 Qe4+ 27.
Kf2 Rxf3+ 28. exf3 Qxh4+ 29. Kg1 Qxg5+ 30. Bg2 Qf6 31. Rc1 Rc8 32. Bh3 Re8 33.
Qe3 Nc4 34. Qxa7 Qg5+ 35. Kf2 Qxc1 36. Qxa4 Qe3+ 37. Kg2 Rf8 38. Bg4 Qg5 39. Kh2
Qh6+ 40. Kg2 Ne3+ 41. Kg3 Nxg4 42. fxg4 Qe3+ 43. Kh4 h5 44. Qd7 hxg4 45. Qe7 g3
46. Kh3 g2+ 47. Kxg2 Rf2+ 48. Kg1 Qe1# 0-1

[Event "Indywidualne Mistrzostwa Polski Juniorow do lat 18 - Dziewczeta"]
[Site "Szklarska Poreba"]
[Date "1899-12-30"]
[Round "9.1"]
[White "Rudzinska, Michalina"]
[Black "Kucharska, Honorata"]
[Result "1-0"]
[WhiteTitle "WFM"]
[BlackTitle "WFM"]
[WhiteElo "2065"]
[BlackElo "2089"]

1. e4 e5 2. Nf3 Nc6 3. Nc3 Nf6 4. Bb5 Bd6 5. O-O O-O 6. d3 a6 7. Bc4 Na5 8. Bg5
h6 9. Bh4 c6 10. Qd2 b5 11. Bb3 Nxb3 12. axb3 Bc7 13. h3 Bb7 14. Rfe1 Re8 15.
Nh2 g5 16. Bg3 Nh5 17. Ng4 Re6 18. Nd1 Nf4 19. d4 d6 20. Nde3 h5 21. Nh2 Qf6 22.
dxe5 dxe5 23. Nf5 Bc8 24. Qd1 Qg6 25. Nf1 Re8 26. N1e3 Kh7 27. Qf3 Ne6 28. Red1
Ng7 29. Nxg7 Kxg7 30. Nf5+ Kh7 31. Nd6 Re7 32. Nxc8 Rxc8 33. Rxa6 Bd6 34. Rxd6
Qxd6 35. Qf5+ Kg7 36. Qxc8 h4 37. Rxc6 Qd1+ 38. Kh2 hxg3+ 39. fxg3 Qf1 40. Qd8
1-0

[Event "Indywidualne Mistrzostwa Polski Juniorow do lat 18 - Dziewczeta"]
[Site "Szklarska Poreba"]
[Date "1899-12-30"]
[Round "9.2"]
[White "Kaczmarska, Joanna"]
[Black "Sowa, Wiktoria"]
[Result "0-1"]
[WhiteTitle "k+"]
[BlackTitle "k"]
[WhiteElo "2048"]
[BlackElo "1954"]

1. d4 Nf6 2. c4 g6 3. Nc3 d5 4. cxd5 Nxd5 5. e4 Nxc3 6. bxc3 Bg7 7. Bc4 c5 8. Ne2
O-O 9. O-O Nc6 10. Be3 Qc7 11. Rc1 Rd8 12. Bf4 Be5 13. Bxe5 Nxe5 14. Bb3 Ng4 15.
Ng3 Qf4 16. Qe1 b6 17. h3 Nf6 18. Qe3 Qxe3 19. fxe3 Ba6 20. Rf2 Rac8 21. e5 Nd5
22. e4 c4 23. Bd1 Nc7 24. Bg4 Rb8 25. Rcf1 Rf8 26. d5 h5 27. Nxh5 gxh5 28. Bxh5
Nb5 29. Rf3 f6 30. a4 Nxc3 31. Rxc3 fxe5 32. Rg3+ Kh8 33. Bf7 c3 34. Rf5 Rxf7
35. Rxf7 Rc8 36. Kf2 Bd3 37. Rf5 Bxe4 38. Rxe5 Bh7 39. Re1 c2 40. Rc1 Rc5 41.
Ra3 Rxd5 42. Rc3 Rd4 43. Re1 Rd2+ 44. Re2 Rd7 45. g4 a6 46. Re1 b5 47. axb5 axb5
48. Ke2 b4 49. Rb3 Rd4 50. Rc1 Bg8 51. Rb2 b3 52. Ke3 Rd1 53. Rcxc2 bxc2 54. Rxc2
Rh1 55. Kf4 Rxh3 56. Re2 Rh7 57. g5 Rf7+ 58. Kg4 Kg7 59. Kh5 Bh7 60. Re6 Bf5 61.
Re5 e6 62. Ra5 Rd7 63. Rc5 Bg6+ 64. Kg4 Rd4+ 65. Kf3 Bf5 66. Rc1 Rg4 67. Rc7+
Kg6 68. Re7 Rxg5 69. Kf4 Rg4+ 70. Ke5 Re4+ 71. Kd6 Kf6 72. Re8 Rd4+ 73. Kc5 Rd1
74. Rf8+ Ke5 75. Rg8 Ke4 76. Rg2 e5 77. Re2+ Kf4 78. Rf2+ Kg5 79. Re2 e4 80. Kc4
Kf4 81. Rf2+ Ke5 82. Kc3 e3 83. Rf3 0-1

[Event "Indywidualne Mistrzostwa Polski Juniorow do lat 18 - Dziewczeta"]
[Site "Szklarska Poreba"]
[Date "1899-12-30"]
[Round "9.3"]
[White "Swiech, Joanna"]
[Black "Orlik, Sandra"]
[Result "1-0"]
[WhiteTitle "k"]
[BlackTitle "I++"]
[WhiteElo "1921"]
[BlackElo "1681"]

1. d4 Nf6 2. c4 g6 3. Nc3 Bg7 4. e4 d6 5. f3 O-O 6. Be3 e5 7. d5 c6 8. Bd3 a6 9.
Qd2 Nh5 10. Nge2 f5 11. exf5 gxf5 12. O-O-O b5 13. dxc6 b4 14. Nd5 Nxc6 15. Nxb4
Nxb4 16. Qxb4 Be6 17. Bc2 Qc7 18. b3 d5 19. cxd5 Rfc8 20. Qd2 Bxd5 21. Qxd5+ 1-0

[Event "Indywidualne Mistrzostwa Polski Juniorow do lat 18 - Dziewczeta"]
[Site "Szklarska Poreba"]
[Date "1899-12-30"]
[Round "9.4"]
[White "Sliwicka, Alicja"]
[Black "Dwilewicz, Agata"]
[Result "1-0"]
[WhiteTitle "WIM"]
[BlackTitle "k"]
[WhiteElo "2264"]
[BlackElo "1674"]

1. e4 e5 2. Nf3 Nc6 3. Bc4 Nf6 4. d3 Be7 5. O-O O-O 6. Re1 d6 7. a4 a5 8. c3 h6
9. Nbd2 Bg4 10. h3 Bh5 11. Nf1 Qd7 12. Ng3 Bg6 13. Nh4 Kh7 14. Nxg6 fxg6 15. Be3
d5 16. exd5 Nxd5 17. Ne4 b6 18. Qb3 Nf6 19. Bb5 Nxe4 20. dxe4 Rf6 21. Rad1 Qe8
22. Qc4 Rd8 23. Rxd8 Bxd8 24. Rd1 Be7 25. Rd5 Bf8 26. b4 Qa8 27. bxa5 bxa5 28.
Rd7 Qb7 29. Qd5 g5 30. Kh2 Kg6 31. g3 Kh7 32. Rf7 Nd8 33. Qxb7 Nxb7 34. Rxc7 Nd6
35. Ra7 Kg8 36. Bd3 Rf7 37. Rxa5 Rc7 38. Bd2 Nc4 39. Bxc4+ Rxc4 40. Ra8 Kf7 41.
Be3 Rxc3 42. a5 Rc6 43. a6 Bc5 44. a7 Bxe3 45. Rf8+ 1-0

[Event "Indywidualne Mistrzostwa Polski Juniorow do lat 18 - Dziewczeta"]
[Site "Szklarska Poreba"]
[Date "1899-12-30"]
[Round "9.5"]
[White "Szelag, Zuzanna"]
[Black "Bilczewska, Olga"]
[Result "1-0"]
[WhiteTitle "k"]
[BlackTitle "I+"]
[WhiteElo "1977"]
[BlackElo "1670"]

1. e4 c5 2. Nf3 Nc6 3. d4 cxd4 4. Nxd4 e6 5. Nc3 Qc7 6. Be2 Nf6 7. O-O a6 8. Be3
Bb4 9. Na4 O-O 10. Nxc6 bxc6 11. f4 Rb8 12. Bd3 e5 13. fxe5 Qxe5 14. Bf4 Qd4+
15. Kh1 Bd6 16. c3 Qa7 17. Bxd6 Re8 18. Bxb8 Qxb8 19. Qf3 Qe5 20. Nb6 a5 21. Nxc8
Rxc8 22. Qf5 Qxf5 23. exf5 1-0

[Event "Indywidualne Mistrzostwa Polski Juniorow do lat 18 - Dziewczeta"]
[Site "Szklarska Poreba"]
[Date "1899-12-30"]
[Round "9.6"]
[White "Raczykowska, Paulina"]
[Black "Guzik, Natalia"]
[Result "1-0"]
[WhiteTitle "k"]
[BlackTitle "I++"]
[WhiteElo "1936"]
[BlackElo "1662"]

1. e4 c5 2. Nf3 Nc6 3. d4 cxd4 4. Nxd4 g6 5. c4 Bg7 6. Be3 Nf6 7. Nc3 d6 8. f3
O-O 9. Qd2 Bd7 10. Be2 a5 11. b3 Nxd4 12. Bxd4 Bc6 13. O-O e6 14. Rfd1 Qe7 15.
Rac1 Rfd8 16. Bb6 Rd7 17. Qe3 Ne8 18. a3 Nc7 19. b4 axb4 20. axb4 Rdd8 21. b5
Be8 22. f4 Rdc8 23. Bf3 Ra3 24. e5 Na8 25. Nd5 exd5 26. Qxa3 Nxb6 27. Bxd5 Bf8
28. exd6 Qf6 29. Bxb7 Rxc4 30. Qe3 Qd8 31. Rxc4 Nxc4 32. Qf2 Bxd6 33. Kh1 Bxb5
34. Bd5 Qc7 35. Bxc4 Bxc4 36. Qd4 Be7 37. Rc1 Bd6 38. Rxc4 Qb8 39. h3 h6 40. Qe4
Kg7 41. Qd4+ Kg8 42. Qd2 Qb1+ 43. Kh2 Qb8 44. Qc1 Kh7 45. Kh1 Qb3 46. Rd4 Qb8
47. Qd2 Bc5 48. Rd7 Qe8 49. Rd8 Qe7 50. Ra8 Be3 51. Qb2 f6 52. Rb8 Bxf4 53. Rb7
Bc7 54. Qc3 Kg8 55. Qxc7 Qe1+ 56. Kh2 Qe5+ 57. Qxe5 fxe5 58. Kg3 1-0

[Event "Indywidualne Mistrzostwa Polski Juniorow do lat 18 - Dziewczeta"]
[Site "Szklarska Poreba"]
[Date "1899-12-30"]
[Round "9.7"]
[White "Kulpa, Zuzanna"]
[Black "Hryn, Zofia"]
[Result "1-0"]
[WhiteTitle "I++"]
[BlackTitle "I++"]
[WhiteElo "1870"]
[BlackElo "1592"]

1. d4 d5 2. c4 dxc4 3. Nf3 Nf6 4. e3 e6 5. Bxc4 c5 6. O-O a6 7. b3 b5 8. Be2 Bb7
9. Bb2 Nc6 10. a4 bxa4 11. Rxa4 cxd4 12. Nxd4 Be7 13. Nxc6 Qxd1 14. Rxd1 Bxc6
15. Rxa6 Rxa6 16. Bxa6 O-O 17. Bc4 h6 18. Nc3 Rb8 19. Kf1 Nd7 20. Ne2 Nb6 21.
Be5 Rb7 22. Bd3 Nd7 23. Bg3 Nc5 24. Nd4 Bd5 25. Bc4 Bxc4+ 26. bxc4 Rd7 27. Ke2
Ne4 28. Rd3 Nc5 29. Rd1 Ne4 30. Nb5 Rxd1 31. Kxd1 Kf8 32. Kc2 Ke8 33. f3 Nxg3
34. hxg3 h5 35. Kd3 Kd7 36. Nd4 Kd6 37. Nb3 Kc6 38. e4 e5 39. Kc3 Bd8 40. Kb4
Be7+ 41. c5 Bd8 42. Kc4 g6 43. Nc1 f6 44. Nd3 Ba5 45. Nb4+ Kd7 46. Kb5 Bd8 47.
Na6 f5 48. c6+ Kd6 49. c7 Bxc7 50. Nxc7 fxe4 51. fxe4 Kxc7 52. Kc5 1-0

[Event "Indywidualne Mistrzostwa Polski Juniorow do lat 18 - Dziewczeta"]
[Site "Szklarska Poreba"]
[Date "1899-12-30"]
[Round "9.8"]
[White "Skiba, Aleksandra"]
[Black "Buchta, Agnieszka"]
[Result "0-1"]
[WhiteTitle "I++"]
[BlackTitle "I++"]
[WhiteElo "1743"]
[BlackElo "1792"]

1. e4 c5 2. Nf3 e6 3. d4 cxd4 4. Nxd4 Nf6 5. Nc3 d6 6. Be2 Be7 7. Be3 Nc6 8. O-O
O-O 9. f4 e5 10. fxe5 dxe5 11. Nf5 Bxf5 12. Rxf5 Rc8 13. Bd3 Bb4 14. Qf3 Bxc3
15. bxc3 Qd6 16. Qg3 Nd7 17. Rh5 Ne7 18. c4 Ng6 19. Rf1 Nc5 20. Bc1 Rfd8 21. Rh3
Ne6 22. Qf2 Nef4 23. Rf3 b6 24. Kh1 f6 25. g3 Nxd3 26. cxd3 Nf8 27. g4 Ne6 28.
h4 Nc5 29. g5 Nxd3 30. Qg2 Nxc1 31. gxf6 g6 32. h5 Kf7 33. Rh3 Rh8 34. Rxc1 Rcd8
35. c5 Qd2 36. hxg6+ hxg6 37. Qxd2 Rxh3+ 38. Qh2 Rxh2+ 39. Kxh2 Rc8 40. c6 Kxf6
41. Kg3 Ke6 42. Kg4 Kd6 43. Kg5 Rxc6 44. Rd1+ Kc7 45. Rd2 Rc4 46. Re2 Rc6 47.
Rd2 a6 48. Rf2 b5 49. Rf7+ Kb6 50. Re7 b4 51. Rxe5 a5 52. Re8 a4 53. e5 Kc5 54.
e6 a3 55. e7 Kd6 56. Kf6 Kd7+ 57. Kf7 Rf6+ 58. Kxf6 Kxe8 59. Ke6 b3 0-1

[Event "Indywidualne Mistrzostwa Polski Juniorow do lat 18 - Dziewczeta"]
[Site "Szklarska Poreba"]
[Date "1899-12-30"]
[Round "9.9"]
[White "Kindler, Karolina"]
[Black "Moscicka, Pola"]
[Result "1-0"]
[WhiteTitle "I++"]
[BlackTitle "k++"]
[WhiteElo "1604"]
[BlackElo "1994"]

1. Nf3 Nf6 2. c4 c5 3. b3 g6 4. Bb2 Bg7 5. g3 b6 6. Bg2 Bb7 7. O-O O-O 8. Qc2 e6
9. Rd1 Qe7 10. Nc3 d6 11. d4 Nbd7 12. Rac1 Rfd8 13. Rd2 Bh6 14. e3 cxd4 15. Rxd4
Ne5 16. Qe2 Nfg4 17. Rcd1 Bg7 18. R4d2 g5 19. Nxe5 Nxe5 20. Nb5 Bxg2 21. Kxg2
Qb7+ 22. e4 f5 23. Nxd6 Qc6 24. Qe3 f4 25. gxf4 gxf4 26. Qxf4 Rf8 27. Qg5 Rf6
28. Kh1 Rg6 29. Qh5 Rh6 30. Qe2 Ng6 31. Bxg7 Kxg7 32. Qg4 Rf8 33. Qxe6 Rh5 34.
Nf5+ Rhxf5 35. Qxc6 1-0

[Event "Indywidualne Mistrzostwa Polski Juniorow do lat 18 - Dziewczeta"]
[Site "Szklarska Poreba"]
[Date "1899-12-30"]
[Round "9.10"]
[White "Koruch, Maria"]
[Black "Leczek, Weronika"]
[Result "1/2-1/2"]
[WhiteTitle "I+"]
[BlackTitle "k"]
[WhiteElo "1685"]
[BlackElo "1823"]

1. e4 c5 2. Nf3 Nc6 3. d4 cxd4 4. Nxd4 Qb6 5. Nb3 Nf6 6. Nc3 e6 7. Bd3 Bb4 8. Bd2
d5 9. exd5 exd5 10. a3 Bxc3 11. Bxc3 Bg4 12. Qd2 O-O-O 13. O-O Be6 14. a4 Ne4
15. Qf4 Nxc3 16. bxc3 Qc7 17. Qe3 Qe5 18. Qc5 Qd6 19. Qb5 a6 20. Qb6 Ne5 21. Qd4
Nc6 22. Qb6 Ne5 23. Qd4 Nc6 24. Qe3 d4 25. cxd4 Nxd4 26. Be4 Nxb3 27. cxb3 Kb8
28. Rac1 Rhe8 29. Qc3 Bxb3 30. Bxb7 Bxa4 31. Qf3 Bb5 32. Bc6 Bxf1 33. Rb1+ Bb5
34. Bxb5 Re1+ 35. Rxe1 axb5 36. Ra1 Qd5 37. Qg3+ Qd6 38. Qf3 Qd5 39. Qg3+ Kb7
40. h3 Qd4 41. Qf3+ Kb6 42. Qa3 Qa4 1/2-1/2

[Event "Indywidualne Mistrzostwa Polski Juniorow do lat 18 - Dziewczeta"]
[Site "Szklarska Poreba"]
[Date "1899-12-30"]
[Round "9.11"]
[White "Sivickis, Wiktoria"]
[Black "Krzywnicka, Maria"]
[Result "0-1"]
[WhiteTitle "I++"]
[BlackTitle "I++"]
[WhiteElo "1611"]
[BlackElo "1703"]

1. d4 Nf6 2. c4 c5 3. d5 e6 4. Nc3 exd5 5. cxd5 d6 6. e4 g6 7. g3 Bg7 8. Bg2 O-O
9. Nge2 Re8 10. O-O a6 11. a4 Nbd7 12. h3 Rb8 13. f4 b5 14. axb5 axb5 15. Qd3
c4 16. Qc2 Nc5 17. Nd4 Bd7 18. Kh2 Nfxe4 19. Nxe4 Nxe4 20. Nc6 Bxc6 21. Bxe4 f5
22. Bf3 Bd7 23. Bd2 b4 24. Rfe1 c3 25. bxc3 bxc3 26. Rxe8+ Qxe8 27. Bc1 Qe1 28.
Qe2 Re8 29. Qxe1 Rxe1 30. Ra8+ Kf7 31. Ra7 Ke7 32. Ba3 c2 33. Rc7 Re3 34. Rxc2
Rxa3 35. Kg2 Bd4 36. Rd2 Bf6 37. Re2+ Kf7 38. Rc2 Rc3 39. Ra2 Rb3 40. Ra7 Ke7
41. Bd1 Rb2+ 42. Kf3 Bd4 0-1

[Event "Indywidualne Mistrzostwa Polski Juniorow do lat 18 - Dziewczeta"]
[Site "Szklarska Poreba"]
[Date "1899-12-30"]
[Round "9.12"]
[White "Frej, Zofia"]
[Black "Surpeta, Julia"]
[Result "1-0"]
[WhiteTitle "k"]
[BlackTitle "I++"]
[WhiteElo "2010"]
[BlackElo "1583"]

1. e4 c5 2. Nf3 d6 3. c3 Nf6 4. h3 Nc6 5. Bd3 d5 6. e5 Nd7 7. Bb5 Qb6 8. Bxc6 bxc6
9. d3 e6 10. O-O Ba6 11. Qc2 Be7 12. c4 O-O 13. Re1 Rfe8 14. Bf4 f6 15. Nbd2 Rad8
16. Rad1 fxe5 17. Nxe5 Rf8 18. Nxd7 Rxd7 19. Be5 Bf6 20. Nf3 Rdf7 21. b3 Bc8 22.
Rc1 Be7 23. Re3 Qd8 24. Rce1 Rf5 25. Qb2 Bf6 26. Qe2 a5 27. g4 d4 28. gxf5 dxe3
29. Qxe3 Bxe5 30. Nxe5 Rxf5 31. Kg2 Qf6 32. Re2 Rg5+ 33. Kf1 Rh5 34. Ke1 Rg5 35.
Kd2 Bd7 36. f4 Rf5 37. Nxd7 Qb2+ 38. Ke1 Qb1+ 39. Kf2 1-0

[Event "Indywidualne Mistrzostwa Polski Juniorow do lat 18 - Dziewczeta"]
[Site "Szklarska Poreba"]
[Date "1899-12-30"]
[Round "9.13"]
[White "Trusz, Julia"]
[Black "Michalska, Aleksandra"]
[Result "1-0"]
[WhiteTitle "I+"]
[BlackTitle "I++"]
[WhiteElo "1635"]
[BlackElo "1741"]

1. e4 e5 2. Nf3 Nc6 3. d4 exd4 4. Nxd4 Qh4 5. Nc3 Bb4 6. Be2 Qxe4 7. Ndb5 Bxc3+
8. bxc3 Kd8 9. O-O Nf6 10. Re1 Re8 11. Be3 a6 12. Nd4 Nxd4 13. Bxd4 d6 14. Qd2
Qg6 15. Bf3 Re6 16. Rab1 c6 17. Rxe6 fxe6 18. Bxf6+ Qxf6 19. Qxd6+ Ke8 20. Bxc6+
bxc6 21. Qxc6+ Bd7 22. Qxa8+ Ke7 23. Qxa6 Qxc3 24. Qd3 Qe5 25. Qxh7 Bc6 26. Qh4+
Kf7 27. Qg3 Qd5 28. Qf3+ 1-0